000 00378nam a2200157Ia 4500
008 230312s9999||||xx |||||||||||||| ||und||
020 _a0-7506-4948-8
082 _a720.47
_bHAG-T
100 _aHagan;Susannah
245 0 _aTaking Shape
260 _bArchitecture Press
_aLondon
_c2001
300 _a215
546 _aEng.
650 _aArchitecture
_vTaking Shape
942 _cBK
999 _c9686
_d9686